Estadística elemental (Registro nro. 797)
[ vista simple ]
| 000 -CABECERA | |
|---|---|
| Longitud fija campo de control | 00856nam a2200265Ia 4500 |
| 005 - • FECHA Y HORA DE LA ÚLTIMA TRANSACCIÓN | |
| Fecha y hora de la última transacción | 20220316235402.0 |
| 008 - • CÓDIGOS DE INFORMACIÓN DE LONGITUD FIJA | |
| Códigos de información de longitud fija | 121119s2000 mx gr 000 0 spa |
| 020 ## - • NÚMERO INTERNACIONAL NORMALIZADO PARA LIBROS | |
| Número Internacional Normalizado para Libros (ISBN) | 9684443412 |
| 041 1# - • CÓDIGO DE LENGUA | |
| Código de lengua del texto/banda sonora o título independiente | spa |
| 082 04 - • NÚMERO DE LA CLASIFICACIÓN DECIMAL DEWEY | |
| Número de clasificación (R) | 519.5 |
| Número del ítem | T73e |
| 040 ## - FUENTE DE LA CATALOGACIÓN | |
| Centro catalogador de origen | CO-BoRNBP |
| Lengua de catalogación | spa |
| Normas de descripción | rda |
| Centro transcriptor | CO-BoRNBP |
| 100 1# - • PUNTO DE ACCESO PRINCIPAL-NOMBRE DE PERSONA | |
| Nombre de persona | Triola, Mario F., |
| 245 10 - • TITULO PROPIAMENTE DICHO | |
| Título | Estadística elemental |
| Mención de responsabilidad, etc. | Mario F. Triola ; traducción, Roberto L. Escalona |
| 250 ## - • MENCIÓN DE EDICIÓN | |
| Mención de edición | Séptima edición |
| 264 #1 - PRODUCCIÓN, PUBLICACIÓN , DISTRIBUCIÓN, FABRICACIÓN Y COPYRIGHT | |
| Lugar de producción, publicación, distribución, fabricación | México |
| Nombre del productor, editor, distribuidor, fabricante | Prentice Hall |
| Fecha de de producción, publicación, distribución, fabricación o copyright | 2000 |
| 300 ## - • DESCRIPCIÓN FÍSICA | |
| Extensión | 791 páginas |
| Dimensiones | 26 cm. |
| 336 ## - TIPO DE CONTENIDO | |
| Término de tipo de contenido | texto |
| Código de tipo de contenido | txt |
| Fuente | rdacontent |
| 337 ## - TIPO DE MEDIO | |
| Nombre del tipo de medio | sin mediación |
| Código del tipo de medio | n |
| Fuente | rdamedia |
| 338 ## - TIPO DE SOPORTE | |
| Nombre del tipo de soporte | volumen |
| Código del tipo de soporte | nc |
| Fuente | rdacarrier |
| 500 ## - • NOTA GENERAL | |
| Nota general | Incluye índice |
| 650 14 - • PUNTO DE ACCESO ADICIONAL DE MATERIA - TÉRMINO DE MATERIA | |
| Fuente del encabezamiento o término | LEMB |
| Término de materia o nombre geográfico como elemento inicial | Estadìstica |
| Subdivisión de materia general | Problemas, ejercicios, etc. |
| 650 14 - • PUNTO DE ACCESO ADICIONAL DE MATERIA - TÉRMINO DE MATERIA | |
| Fuente del encabezamiento o término | LEMB |
| Término de materia o nombre geográfico como elemento inicial | Estadística para ciencias de la salud |
| 700 1# - • PUNTO DE ACCESO ADICIONAL - NOMBRE DE PERSONA | |
| Nombre de persona | Escalona, Roberto L. |
| Término indicativo de función | traductor |
| 942 ## - ENTRADA DE ELEMENTOS AGREGADOS (KOHA) | |
| Fuente de clasificaión o esquema | Dewey Decimal Classification |
| Koha [por defecto] tipo de item | LIbro |
| Perdido | Fuente de clasificación o esquema | Estado Físico | No para préstamo | Forma de adquisición | Localización permanente | Localización actual | Localización en estanterías | Fecha adquisición | Préstamos totales | Signatura completa | Código de barras | Fecha última consulta | Número de copia | Fecha del precio de reemplazo | Tipo de item de Koha | Fecha último préstamo |
|---|---|---|---|---|---|---|---|---|---|---|---|---|---|---|---|---|
| Dewey Decimal Classification | Colección General | Biblioteca Pública Cubarral | Biblioteca Pública Cubarral | General | 08/10/2023 | 519.5 T73e | CUB02539 | 08/10/2023 | Ej.1 | 08/10/2023 | LIbro | |||||
| Dewey Decimal Classification | Colección General | Biblioteca Pública Dorado | Biblioteca Pública Dorado | General | 12/28/2022 | 519.5 T73e | DOR00430 | 12/28/2022 | Ej.1 | 12/28/2022 | LIbro | |||||
| Dewey Decimal Classification | Colección General | Biblioteca Pública Fuentedeoro - Henry Llanos García | Biblioteca Pública Fuentedeoro - Henry Llanos García | General | 05/16/2023 | 519.5 T73e | Fo00474 | 05/16/2023 | Ej.1 | 05/16/2023 | LIbro | |||||
| Dewey Decimal Classification | Colección General | Biblioteca Pública José Eustasio Rivera - San Martin | Biblioteca Pública José Eustasio Rivera - San Martin | General | 09/25/2023 | 519.5 T73e | SM0002680 | 09/25/2023 | Ej.1 | 09/25/2023 | LIbro | |||||
| Dewey Decimal Classification | Colección General | Biblioteca Pública Puerto Lleras | Biblioteca Pública Puerto Lleras | General | 06/06/2023 | 519.5 173e | PLL00493 | 06/06/2023 | Ej.1 | 06/06/2023 | LIbro | |||||
| Dewey Decimal Classification | Colección General | Biblioteca Pública San Carlos de Guaroa - Eduardo Carranza | Biblioteca Pública San Carlos de Guaroa - Eduardo Carranza | General | 05/12/2025 | 519.5 T73e | SG03038 | 05/12/2025 | Ej.1 | 05/12/2025 | LIbro | |||||
| Dewey Decimal Classification | Colección General | Biblioteca Pública El Castillo - Alfonso Meneses | Biblioteca Pública El Castillo - Alfonso Meneses | General | 06/27/2023 | 519.5 T73e | EC00797 | 06/27/2023 | Ej.1 | 06/27/2023 | LIbro | |||||
| Dewey Decimal Classification | Colección General | Biblioteca Pública Acacias - Carlos María Hernández Rojas | Biblioteca Pública Acacias - Carlos María Hernández Rojas | General | 07/14/2025 | 1 | 519.5 T73e | ACA04400 | 07/18/2025 | Ej.1 | 07/14/2025 | LIbro | 07/14/2025 | |||
| Dewey Decimal Classification | Colección General | Biblioteca Pública Barranca de Upia - María Dolores Herrera | Biblioteca Pública Barranca de Upia - María Dolores Herrera | General | 08/05/2024 | 519.5 T73e | BUP01576 | 08/05/2024 | Ej.1 | 08/05/2024 | LIbro | |||||
| Dewey Decimal Classification | Colección General | Biblioteca Pública Guamal | Biblioteca Pública Guamal | General | 03/21/2023 | 519.5 T73e | GUA002508 | 03/21/2023 | Ej.1 | 03/21/2023 | LIbro | |||||
| Dewey Decimal Classification | Colección General | Biblioteca Pública La Macarena | Biblioteca Pública La Macarena | General | 08/13/2025 | 519.5 T73e | LM02794 | 08/13/2025 | Ej.1 | 08/13/2025 | LIbro | |||||
| Dewey Decimal Classification | Colección General | Biblioteca Pública San Juan de Arama - Concepción de Arama | Biblioteca Pública San Juan de Arama - Concepción de Arama | General | 08/30/2023 | 519.5T73e | SJA00880 | 08/30/2023 | Ej.1 | 08/30/2023 | LIbro | |||||
| Dewey Decimal Classification | Colección General | Biblioteca Pública Vistahermosa | Biblioteca Pública Vistahermosa | General | 08/17/2023 | 519.5 T73e | VIS00588 | 08/17/2023 | Ej.1 | 08/17/2023 | LIbro |